<?xml version="1.0" encoding="UTF-8"?>
<record
    xmlns:xsi="http://www.w3.org/2001/XMLSchema-instance"
    xsi:schemaLocation="http://www.loc.gov/MARC21/slim http://www.loc.gov/standards/marcxml/schema/MARC21slim.xsd"
    xmlns="http://www.loc.gov/MARC21/slim">

  <leader>01098nam a22002657a 4500</leader>
  <controlfield tag="005">20170124102927.0</controlfield>
  <datafield tag="010" ind1=" " ind2=" ">
    <subfield code="a">B-077283</subfield>
  </datafield>
  <datafield tag="020" ind1=" " ind2=" ">
    <subfield code="a">8176780743</subfield>
    <subfield code="c">650.00</subfield>
  </datafield>
  <datafield tag="035" ind1=" " ind2=" ">
    <subfield code="a">B-077283</subfield>
  </datafield>
  <datafield tag="037" ind1=" " ind2=" ">
    <subfield code="b">Cen Lib/Ret</subfield>
  </datafield>
  <datafield tag="040" ind1=" " ind2=" ">
    <subfield code="a">DPL</subfield>
    <subfield code="b">HN</subfield>
  </datafield>
  <datafield tag="082" ind1=" " ind2=" ">
    <subfield code="a">181.45</subfield>
    <subfield code="b">&#x91A;&#x928;&#x94D;&#x926;&#x928; </subfield>
  </datafield>
  <datafield tag="100" ind1=" " ind2=" ">
    <subfield code="a">&#x91A;&#x928;&#x94D;&#x926;&#x928; &#x926;&#x93E;&#x938;</subfield>
    <subfield code="9">5680</subfield>
  </datafield>
  <datafield tag="245" ind1=" " ind2=" ">
    <subfield code="a">&#x935;&#x938;&#x928;&#x94D;&#x924;&#x930;&#x93E;&#x917;&#x93F;&#x928;&#x940;  :</subfield>
    <subfield code="c">&#x91A;&#x928;&#x94D;&#x926;&#x928; &#x926;&#x93E;&#x938;</subfield>
    <subfield code="b">&#x936;&#x94D;&#x930;&#x940;&#x92E;&#x926; &#x92D;&#x917;&#x935;&#x926;&#x917;&#x940;&#x924;&#x93E; &#x92D;&#x93E;&#x937;&#x94D;&#x92F; /</subfield>
  </datafield>
  <datafield tag="246" ind1=" " ind2=" ">
    <subfield code="a">vasantragini : bhagvadgeeta bhashya </subfield>
    <subfield code="b"> by Chandandass</subfield>
  </datafield>
  <datafield tag="260" ind1=" " ind2=" ">
    <subfield code="a">&#x932;&#x916;&#x928;&#x90A; </subfield>
    <subfield code="b">&#x938;&#x941;&#x932;&#x92D; &#x92A;&#x94D;&#x930;&#x915;&#x93E;&#x936;&#x928; </subfield>
    <subfield code="c">2002</subfield>
  </datafield>
  <datafield tag="270" ind1=" " ind2=" ">
    <subfield code="a">17,&#x905;&#x936;&#x94B;&#x915; &#x92E;&#x93E;&#x930;&#x94D;&#x917; </subfield>
    <subfield code="b">&#x932;&#x916;&#x928;&#x90A; </subfield>
    <subfield code="e">226001</subfield>
  </datafield>
  <datafield tag="300" ind1=" " ind2=" ">
    <subfield code="a">747&#x92A;&#x943;&#x937;&#x94D;&#x920;. </subfield>
    <subfield code="c">21&#x938;&#x947;&#x92E;&#x940;(&#x938;&#x91C;&#x93F;&#x932;&#x94D;&#x926;)</subfield>
  </datafield>
  <datafield tag="500" ind1=" " ind2=" ">
    <subfield code="a">&#x92A;&#x930;&#x93F;&#x936;&#x93F;&#x937;&#x94D;&#x91F; </subfield>
  </datafield>
  <datafield tag="650" ind1=" " ind2=" ">
    <subfield code="a">&#x939;&#x93F;&#x928;&#x94D;&#x926;&#x942; &#x927;&#x930;&#x94D;&#x92E; </subfield>
    <subfield code="9">1413</subfield>
  </datafield>
  <datafield tag="650" ind1=" " ind2=" ">
    <subfield code="a">&#x92D;&#x917;&#x935;&#x926;&#x94D;&#x917;&#x940;&#x924;&#x93E; -&#x935;&#x938;&#x902;&#x924;&#x930;&#x93E;&#x917;-&#x915;&#x943;&#x937;&#x94D;&#x923;&#x93E;</subfield>
    <subfield code="9">43949</subfield>
  </datafield>
  <datafield tag="650" ind1=" " ind2=" ">
    <subfield code="a">hindu religion</subfield>
    <subfield code="9">43950</subfield>
  </datafield>
  <datafield tag="650" ind1=" " ind2=" ">
    <subfield code="a">bhagvadgeeta- vasantrag- krishna</subfield>
    <subfield code="9">43951</subfield>
  </datafield>
  <datafield tag="942" ind1=" " ind2=" ">
    <subfield code="2">ddc</subfield>
    <subfield code="c">HN</subfield>
    <subfield code="h">181.45</subfield>
    <subfield code="m">&#x91A;&#x928;&#x94D;&#x926;&#x928; </subfield>
  </datafield>
  <datafield tag="999" ind1=" " ind2=" ">
    <subfield code="c">111657</subfield>
    <subfield code="d">111657</subfield>
  </datafield>
  <datafield tag="952" ind1=" " ind2=" ">
    <subfield code="0">0</subfield>
    <subfield code="1">0</subfield>
    <subfield code="4">0</subfield>
    <subfield code="7">0</subfield>
    <subfield code="a">L</subfield>
    <subfield code="b">L</subfield>
    <subfield code="d">2015-08-04</subfield>
    <subfield code="e">Cen Lib/Ret</subfield>
    <subfield code="g">650.00</subfield>
    <subfield code="l">0</subfield>
    <subfield code="o">181.45 &#x91A;&#x928;&#x94D;&#x926;&#x928;</subfield>
    <subfield code="p">B-077283</subfield>
    <subfield code="r">2015-08-04 00:00:00</subfield>
    <subfield code="t">1</subfield>
    <subfield code="v">650.00</subfield>
    <subfield code="w">2015-08-04</subfield>
    <subfield code="y">HN</subfield>
  </datafield>
</record>
